• 首页
  • 本馆介绍
  • 公告通知
  • 最新文献
  • 馆藏检索
  • 电子资源
  • 读者导购
  • 参考咨询
  • 我的图书馆
  • 登录
  • 详细信息显示
  • 放入我的书架
  • 预约/预借图书
  • 作者相关作品
  • 分类相关作品
  • 丛书相关作品
  • 出版社相关作品

书目信息

  • 表格格式
  • 工作单格式
  • 卡片格式
题名:
酷车电子产品制作
    
 
作者: 哈珀 著 ;王哲 , 王雅宁 译
分册:  
出版信息: 北京   科学出版社  2007
页数: 11,211页
开本: 24cm
丛书名: 图解电子创新制作
单 册:
中图分类: U463.6
科图分类:
主题词: 汽车--电子设备--制作
电子资源:
ISBN: 978-7-03-018574-7
000 01529oam2 2200373 450
001 012004133621
005 20070805145643.79
009 012004133621
010    @a978-7-03-018574-7@dCNY29.00
035    @a(110017)062007020667
100    @a20070511d2007 em y0chiy0110 ea
101 1  @achi@ceng
102    @aCN@b110000
105    @aa z 000yy
106    @ar
200 1  @a酷车电子产品制作@Aku che dian zi chan pin zhi zuo@f(英)Gavin D.J.Harper著@F( ying )Gavin D.J.Harper zhu@g王哲, 王雅宁译@Gwang zhe , wang ya ning yi
210    @a北京@c科学出版社@d2007
215    @a11,211页@c照片@d24cm
225 2  @a图解电子创新制作@Atu jie dian zi chuang xin zhi zuo
300    @a实用技术
306    @a本书由科学出版社和美国麦格劳-希尔教育(亚洲)出版公司合作出版
312    @a书名原文:50 awesome auto projects for the evil genius
330    @a本书内容包括仪表、舒适装置和智能装置的安装、车载PC、电源、显示器技术、输入设备、车内音响、存储装置、语音识别、GPS、车上诊断系统、无线连接,以及车载PC软件。
461  0 @12001 @a图解电子创新制作
510 1  @a50 awesome auto projects for the evil genius@zeng
512 1  @a酷车电子产品制作DIY50项目@Aku che dian zi chan pin zhi zuo DIY50 xiang mu
516 1  @a酷车电子产品制作DIY@Aku che dian zi chan pin zhi zuo DIY
606 0  @a汽车@x电子设备@x制作
690    @aU463.6@v4
701  0 @c(英)@a哈珀@Aha po@c(Harper, Gavin D.J.)@4著
702  0 @a王哲@Awang zhe@4译
702  0 @a王雅宁@Awang ya ning@4译
801  0 @aCN@b110017@c20070805
905    @dU463.6@e188@f5
    
    酷车电子产品制作/(英)Gavin D.J.Harper著/王哲, 王雅宁译.-北京:科学出版社,2007
    11,211页:照片;24cm.-(图解电子创新制作)
    实用技术
    
    ISBN 978-7-03-018574-7:CNY29.00
    本书内容包括仪表、舒适装置和智能装置的安装、车载PC、电源、显示器技术、输入设备、车内音响、存储装置、语音识别、GPS、车上诊断系统、无线连接,以及车载PC软件。
●
相关链接 在E读中查询图书 在五车中查询图书 在当当中查询图书 在豆瓣中查询图书


正题名:酷车电子产品制作     索取号:U463.6/188         预约/预借

序号 登录号 条形码 馆藏地/架位号 状态 备注
1 0851285   208512858   第二样本阅览室/ [索取号:U463.6/188] 在馆    
2 0851286   208512867   第三借阅区/ [索取号:U463.6/188] 在馆    
3 0851287   208512876   第三借阅区/ [索取号:U463.6/188] 在馆    
4 0851288   208512885   第三借阅区/ [索取号:U463.6/188] 在馆    
5 0851289   208512894   第三借阅区/ [索取号:U463.6/188] 在馆    
唐山师范学院图书馆 欢迎您!
大连网信软件有限公司© 版权所有